| 000 | 00655cam a2200169 4500 | ||
|---|---|---|---|
| 001 | ABS60895 | ||
| 008 | 000000n1999 000 0 eng u | ||
| 035 | _a(Sirsi) u101419 | ||
| 100 | _aLeBreton, C. | ||
| 245 | _aBenchmarking helps in cost control and budget planning. | ||
| 260 | _ac1999 | ||
| 490 |
_aCSM _bChartered Surveyor Monthly _v8(11/12) July/August 1999, 46-47(2) |
||
| 520 | _aReports on how occupancy cost records helped a Pembrokeshire NHS Trust control its budgets. Example analysis of six years' expenditure for a typical district general hospital. | ||
| 690 | _aBUILT ENVIRONMENT-BUILDING COSTS | ||
| 700 | _aMartin, J. | ||
| 942 | _n0 | ||
| 999 |
_c60561 _d60561 |
||